000 00455ntaaa2200169 4500
003 01
005 20251027201248.0
008 0714s1973 ag 01
040 _aAR-BaBN
_bspa
_cAR-BaBN
_eaacr
_dRIC
082 _a220.93 K58
100 _aKing, J.
_910807
245 _aRecent discoveries on the Temple Hill at Jerusalem /
_cJ. King
250 _a1 ed. :
_bReligious Tract Society,
_cc/898
300 _a192 p.
650 _aArqueología
_95159
942 _cBK
999 _c6991
_d6991